The language of comics
Đã lưu trong:
| Príomhúdar: | |
|---|---|
| Formáid: | Leabhar |
| Teanga: | Undetermined |
| Foilsithe: |
London / New York
Routledge / Taylor & Francis Group
2003
|
| Ábhair: | |
| Clibeanna: |
Cuir Clib Leis
Gan Chlibeanna, Bí ar an gcéad duine leis an taifead seo a chlibeáil!
|
| Thư viện lưu trữ: | Trung tâm Học liệu Trường Đại học Cần Thơ |
|---|
| LEADER | 00537nam a2200193Ia 4500 | ||
|---|---|---|---|
| 001 | CTU_117471 | ||
| 008 | 210402s9999 xx 000 0 und d | ||
| 082 | |a 741.5 | ||
| 082 | |b S243 | ||
| 100 | |a Saraceni, Mario | ||
| 245 | 4 | |a The language of comics | |
| 245 | 0 | |c Mario Saraceni | |
| 260 | |a London / New York | ||
| 260 | |b Routledge / Taylor & Francis Group | ||
| 260 | |c 2003 | ||
| 650 | |a Comic books, strips, etc. | ||
| 650 | |x History and criticism | ||
| 904 | |i Truc | ||
| 980 | |a Trung tâm Học liệu Trường Đại học Cần Thơ | ||